Health status of the children in a high density town near Harare, Zimbabwe (Record no. 31667)
[ view plain ]
| 000 -LEADER | |
|---|---|
| fixed length control field | 00712nam a2200169 a 4500 |
| 008 - FIXED-LENGTH DATA ELEMENTS--GENERAL INFORMATION | |
| fixed length control field | 121022s1998 ||||||||||||||||| || u |
| 050 ## - LIBRARY OF CONGRESS CALL NUMBER | |
| Classification number | PAPERS/STAFF/SIZIYA |
| 100 ## - MAIN ENTRY--PERSONAL NAME | |
| Personal name | Siziya, Seter |
| 245 10 - TITLE STATEMENT | |
| Title | Health status of the children in a high density town near Harare, Zimbabwe |
| Statement of responsibility, etc. | by Seter Siziya and Tee Wats |
| 260 ## - PUBLICATION, DISTRIBUTION, ETC. | |
| Place of publication, distribution, etc. | Lusaka: |
| Name of publisher, distributor, etc. | University of Zambia, School of Medicine |
| Date of publication, distribution, etc. | 1998 |
| 300 ## - PHYSICAL DESCRIPTION | |
| Extent | p.251 - p.258: ill. |
| 490 ## - | |
| -- | Central African Journal of Medicine |
| 490 ## - | |
| -- | Vol. 44, No. 1 |
| 500 ## - GENERAL NOTE | |
| General note | Bibliography |
| 650 ## - SUBJECT ADDED ENTRY--TOPICAL TERM | |
| Topical term or geographic name entry element | CHILDRENS HEALTH--ZIMBABWE |
| 995 ## - | |
| -- | SPECIAL COLLECTIONS |
| -- | 263 |
| -- | CBU-SCHOOL OF MEDICINE LIBRARY (Ndola) |
| -- | PAPERS/STAFF/SIZIYA |
| -- | AVAILABLE |
| -- | Nov 16, 2012 |
| -- | B263 |
| -- | Zambiana Collection |
| 999 ## - | |
| -- | 31667 |
| -- | 31667 |
| Withdrawn status | Lost status | Source of classification or shelving scheme | Damaged status | Not for loan | Permanent Location | Current Location | Shelving location | Date acquired | Total Checkouts | Full call number | Barcode | Date last seen | Price effective from | Koha item type |
|---|---|---|---|---|---|---|---|---|---|---|---|---|---|---|
| CBU-SCHOOL OF MEDICINE LIBRARY, NDOLA. | CBU-SCHOOL OF MEDICINE LIBRARY, NDOLA. | 11/30/2022 | PAPERS/STAFF/SIZIYA | B263 | 11/30/2022 | 11/30/2022 | MONOGRAPH |